| Tag |
First Indicator |
Second Indicator |
Subfields |
| LEADER |
00000cam a2200000 a 4500 |
| 001 |
in00000103521 |
| 005 |
20150929180453.0 |
| 008 |
820322s1980 ne b 00000 eng |
| 010 |
|
|
|a 80154554
|
| 015 |
|
|
|a Ne80-49
|
| 020 |
|
|
|a 9062039812 (pbk.) :
|c fl 30.00
|
| 035 |
|
|
|a (OCoLC)07124378
|
| 035 |
|
|
|9 AAN2745AM
|
| 039 |
0 |
|
|a 2
|b 3
|c 3
|d 3
|e 3
|
| 040 |
|
|
|a DLC
|c DLC
|d TXA
|d UtOrBLW
|
| 043 |
|
|
|a e-uk---
|
| 049 |
|
|
|a TXAM
|c [1167291]
|
| 050 |
0 |
0 |
|a PE1
|b C66 new ser., vol. 29
|
| 082 |
0 |
|
|a 820 s
|a 828/.7/08
|2 19
|
| 245 |
0 |
4 |
|a The Romantic age in prose :
|b an anthology /
|c edited by Alan W. Bellringer and C.B. Jones.
|
| 264 |
|
1 |
|a Amsterdam :
|b Rodopi,
|c 1980.
|
| 300 |
|
|
|a 159 pages ;
|c 23 cm.
|
| 336 |
|
|
|a text
|b txt
|2 rdacontent
|
| 337 |
|
|
|a unmediated
|b n
|2 rdamedia
|
| 338 |
|
|
|a volume
|b nc
|2 rdacarrier
|
| 490 |
1 |
|
|a Costerus ;
|v new ser., v. 29
|
| 504 |
|
|
|a Includes bibliographical references.
|
| 650 |
|
0 |
|a English prose literature
|y 19th century.
|
| 650 |
|
0 |
|a Romanticism.
|
| 651 |
|
0 |
|a Great Britain
|x Civilization
|y 19th century.
|
| 700 |
1 |
|
|a Bellringer, Alan W.
|
| 700 |
1 |
|
|a Jones, C. B.
|
| 830 |
|
0 |
|a Costerus ;
|v new ser., v. 29.
|
| 999 |
|
|
|a MARS
|
| 999 |
f |
f |
|s 822de819-f982-3307-863e-5444f1618ac4
|i cdcebf40-82b8-3fe7-8587-a7f681bb1ed6
|t 0
|
| 952 |
f |
f |
|p normal
|a Texas A&M University
|b College Station
|c Sterling C. Evans Library
|d Evans: Library Stacks
|t 0
|e PE1 C66 new ser., vol. 29
|h Library of Congress classification
|i unmediated -- volume
|m A14806294727
|
| 998 |
f |
f |
|a PE1 C66 new ser., vol. 29
|t 0
|l Evans: Library Stacks
|